| 000 | 01227nam a22003497a 4500 | ||
|---|---|---|---|
| 003 | CHAP | ||
| 005 | 20220329134548.0 | ||
| 008 | 971013s1986 r 00010 d | ||
| 010 | _a22231 | ||
| 011 | _a23203 | ||
| 035 | _a27298 | ||
| 040 | _cCHAP | ||
| 090 | _aTesis | ||
| 100 | 0 | 0 |
_aDuarte Solís, Leonardo de J. _934310 |
| 245 | _aEvaluación del programa nacional de paquetes familiares en una comunidad rural | ||
| 260 |
_aChapingo, Méx. : _bEl autor, _c1986 |
||
| 300 |
_a199 h. _b: gráfs. |
||
| 502 | _aTesis (M. en C. Esp. en Desarrollo Rural) -- CP. Centro de Estudios del Desarrollo Rural | ||
| 590 |
_aALEPH _b10 _c20130110 _lUCH01 _h1246 |
||
| 590 |
_aBATCH-UPD _b10 _c20130110 _lUCH01 _h1733 |
||
| 590 |
_aBATCH-UPD _b10 _c20130410 _lUCH01 _h1114 |
||
| 590 |
_aBATCH-UPD _b10 _c20130914 _lUCH01 _h2115 |
||
| 590 |
_aCONVERSION _b10 _c20130109 _lUCH01 _h1313 |
||
| 650 | 1 | 4 |
_aAvicultura _xPuebla. _98748 |
| 650 | 1 | 4 |
_aDesarrollo de la comunidad rural. _931995 |
| 650 | 1 | 4 |
_aPuebla _xCondiciones rurales. _992871 |
| 901 | _aBK | ||
| 942 | _cFOLL | ||
| 949 |
_bBC _cTES _d-63233 _eTS1 _h18383 _i27298 _si |
||
| 949 |
_bBC _cTES _d-63234 _eTS2 _fc.2 _h18384 _i27298 _si |
||
| 949 |
_bBC _cTES _d-63235 _eTS2 _fc.3 _h18701 _i27298 _si |
||
| 999 |
_c22231 _d22231 |
||